00745nam a2200241Ia 4500003000400000005001700004008004000021020001700061040000700078041001200085082001900097100002900116245005700145260003100202300001000233650003600243690003000279700003100309906001100340942001200351999001900363952012100382OSt20240809162139.0210210b1994 xxu||||| |||| 00| 0 eng d a817201 709 X cAL aEnglish a809.88914 SAHI aSAHITYA AKADEMI.9176228 aIswarchandra Vidyasagar: Makers of Indian literature aN DbSahitya Akademic1994 avi,83 aIswarchandra Vidyasagar9176229 aIndian Literature9176230 aHiranmay Banerjee.9176231 a053700 2ddccBK c101517d101517 00102ddc40708ENGaALbALcSSSd2021-02-17g15.00l0o809.88914 SAHIp053700r2021-02-17 00:00:00w2021-02-17yBK